00665nab a2200205 uc450000100070000000500170000700800410002403500110006503500210007604000130009704100080011010000470011824500400016565000330020565000400023865000420027877301100032094200100043099900190044065298020240201162748.0010320e19951216 spa  a652980 a(OCoLC)819902182 ccomduadb aspa10aClinkenbeard, Kenneth D.4auteaut951761210aCitologia diagnostica : bacteriosis aCitologia veterinaria975622 7aInfecciones bacterianas2dcs936812 aDiagnóstico microbiológico9498520 tSelecciones Veterinarias (Buenos Aires)gVol. 03, No. 06, Dic. 1995, p. 327-332w355244z0327859X0108386 cARIMP c190863d190863